| 000 | 00526cam a2200169 i 4500 | ||
|---|---|---|---|
| 005 | 20260108103752.0 | ||
| 008 | 250721s2009 le gr 000 0 ara d | ||
| 082 | 1 | 4 |
_a240 _bي ا ن |
| 100 | 1 |
_aيانسي، فيليب _eمؤلف. |
|
| 245 | 1 | 0 |
_aما أعجب النعمة / _cفيليب يانسي. |
| 250 | _aالطبعة الأولى. | ||
| 264 | 3 | 1 |
_aبيروت : _bدار منهل الحياة، _c2009. |
| 300 | _a382 صفحة. | ||
| 650 | 1 | 7 | _aالمسيحية. |
| 942 |
_2ddc _cBK |
||
| 999 |
_c132123 _d132123 |
||